Connections

The Consortium is providing a family of publications, covering the full range of security studies, to an international standard of excellence, serving the military, civilian and academic needs of the Consortium membership. Currently, this family includes: Connections, Athena Papers, Bulletins, Infor...

Full description

Bibliographic Details
Corporate Author: Partnership for Peace. Consortium of Defense Academies and Security Studies Institutes
Format: Electronic Journal
Language:English
Published: [Garmisch-Partenkirchen, Germany] : Partnership for Peace Consortium
Subjects:
Online Access:Full text available from Research Library: 12/01/2009 to 12/31/2018
Full text available from Research Library: 01/01/2020 to present

MARC

LEADER 00000nas a2200000 a 4500
001 ssj0000602309
003 WaSeSS
005 20200512172242.0
006 m d
007 cr n
008 020114c20029999gw qr pss 0 0eng c
010 |a  2004255604 
022 |a 1812-2973  |l 1812-1098  |y 1812-1098 
035 |a (WaSeSS)ssj0000602309 
037 |a 22573/ctt1w4tjjj  |b JSTOR 
040 |a NDU  |b eng  |c NDU  |d OCLCQ  |d ZCU  |d IUL  |d OCL  |d WAU  |d OCLCQ  |d OCLCF  |d OCLCO  |d OCLCQ  |d DOS  |d TEF  |d WaSeSS 
042 |a pcc 
050 1 4 |a JZ5588  |b .Q37 
082 0 4 |a 327.1/7  |2 23 
130 0 |a Connections (Partnership for Peace. Consortium of Defense Academies and Security Studies Institutes : Online) 
210 1 |a Connect., Q. j.  |b (Online) 
222 0 |a Connections. The quarterly journal  |b (Online) 
245 1 0 |a Connections  |h [electronic resource] /  |c Partnership for Peace Consortium of Defense Academies and Security Studies Institutes. 
246 1 3 |a Quarterly journal 
260 |a [Garmisch-Partenkirchen, Germany] :  |b Partnership for Peace Consortium 
310 |a Quarterly 
362 1 |a Print began in Jan. 2002. 
500 |a Title from PDF title page (PfP Consortium, viewed Dec. 28, 2004). 
506 |a License restrictions may limit access. 
520 8 |a The Consortium is providing a family of publications, covering the full range of security studies, to an international standard of excellence, serving the military, civilian and academic needs of the Consortium membership. Currently, this family includes: Connections, Athena Papers, Bulletins, Information Papers. 
538 |a Mode of access: World Wide Web. 
580 |a Also issued in French, German, and Russian language editions. 
588 |a Latest issue consulted: Vol. 16, no. 1 (Winter 2017) (publisher website, viewed September 13, 2017). 
650 0 |a Security, International  |v Periodicals. 
650 0 |a Peace  |x Research  |v Periodicals. 
650 7 |a Peace  |x Research.  |2 fast  |0 (OCoLC)fst01055825 
650 7 |a Security, International.  |2 fast  |0 (OCoLC)fst01110895 
655 0 |a Electronic journals. 
710 2 |a Partnership for Peace.  |b Consortium of Defense Academies and Security Studies Institutes. 
775 0 8 |i Russian edition, 2002-2007:  |t Connections (Partnership for Peace. Consortium of Defense Academies and Security Studies. Russian  |x 1812-1101  |w (DLC) 2004240975  |w (OCoLC)51301341 
775 0 8 |i German edition:  |t Connections (Partnership for Peace. Consortium of Defense Academies and Security Studies. German  |w (DLC) 2004240976  |w (OCoLC)53024127 
776 0 8 |i Print version:  |t Connections (Partnership for Peace. Consortium of Defense Academies and Security Studies Institutes)  |x 1812-1098  |w (DLC) 2004209973  |w (OCoLC)51506174 
856 4 0 |z Full text available from Research Library: 12/01/2009 to 12/31/2018  |u https://search.proquest.com/publication/136111 
856 4 0 |z Full text available from Research Library: 01/01/2020 to present  |u https://search.proquest.com/publication/136111